Doctor and medicine,in the works of Daumier

Bibliographic Details
Main Author: Adhemar, Jean
Format: Book
Published: New York : Tabard Press , 19-
Subjects:

MARC

LEADER 00000cam a2200000 7i4500
001 0000002490
002 000002714
005 20090706.0
020 |a 0914427237 
090 0 0 |a 743.949   |b ADH 
100 0 |a Adhemar, Jean 
245 1 0 |a Doctor and medicine,in the works of Daumier   |c Notes and catalogue by Jean Adhemar 
260 |a New York :   |b Tabard Press ,   |c 19- 
300 |a 134p. :   |b ill ;   |c 30cm. 
600 0 0 |a Daumier   |x Collected works 
650 0 0 |a Lithography 
999 |a 033728   |b BUKU   |c RUJUKAN   |e PERPUSTAKAAN KOMUNITI PETALING JAYA